| 000 | 00564nam a2200157 i 4500 | ||
|---|---|---|---|
| 001 | 162236 | ||
| 003 | ES-MaACL | ||
| 005 | 20230906212447.0 | ||
| 008 | 970410s1826 sp |||| | spa d | ||
| 245 | 0 | 0 | _aPlan literario de estudios y arreglo general de las universidades del Reyno. |
| 260 |
_aMadrid : _b[s.n.], _c1826 ( _fpor Don León Amarita, impresor de la Inspección General) |
||
| 300 |
_aVIII, 86, [2] p. ; _c20 cm. |
||
| 597 | _aSignaturizado. | ||
| 650 | 4 |
_aEnseñanza superior- _zEspaña- _yS.XIX. _9144821 |
|
| 852 |
_aES-MaACL _jG-9618(6) _z- Enc. hol. |
||
| 999 |
_c162236 _d162236 |
||